<?xml version="1.0" encoding="UTF-8"?><?xml-stylesheet type="text/xsl" href="static/style.xsl"?><OAI-PMH xmlns="http://www.openarchives.org/OAI/2.0/" xmlns:xsi="http://www.w3.org/2001/XMLSchema-instance" xsi:schemaLocation="http://www.openarchives.org/OAI/2.0/ http://www.openarchives.org/OAI/2.0/OAI-PMH.xsd"><responseDate>2026-06-06T02:45:24Z</responseDate><request verb="GetRecord" identifier="oai:riuma.uma.es:10630/34064" metadataPrefix="marc">https://riuma.uma.es/rest/oai/request</request><GetRecord><record><header><identifier>oai:riuma.uma.es:10630/34064</identifier><datestamp>2026-02-03T11:13:08Z</datestamp><setSpec>com_10630_2254</setSpec><setSpec>col_10630_37953</setSpec></header><metadata><record xmlns="http://www.loc.gov/MARC21/slim" xmlns:dcterms="http://purl.org/dc/terms/" xmlns:doc="http://www.lyncode.com/xoai" xmlns:xsi="http://www.w3.org/2001/XMLSchema-instance" xsi:schemaLocation="http://www.loc.gov/MARC21/slim http://www.loc.gov/standards/marcxml/schema/MARC21slim.xsd">
   <leader>00925njm 22002777a 4500</leader>
   <datafield ind2=" " ind1=" " tag="042">
      <subfield code="a">dc</subfield>
   </datafield>
   <datafield ind2=" " ind1=" " tag="720">
      <subfield code="a">García-Mateos, Francisco José</subfield>
      <subfield code="e">author</subfield>
   </datafield>
   <datafield ind2=" " ind1=" " tag="720">
      <subfield code="a">Cordero-Lanzac, Tomás</subfield>
      <subfield code="e">author</subfield>
   </datafield>
   <datafield ind2=" " ind1=" " tag="720">
      <subfield code="a">Berenguer-Betrián, Raúl</subfield>
      <subfield code="e">author</subfield>
   </datafield>
   <datafield ind2=" " ind1=" " tag="720">
      <subfield code="a">Morallón, Emilia</subfield>
      <subfield code="e">author</subfield>
   </datafield>
   <datafield ind2=" " ind1=" " tag="720">
      <subfield code="a">Cazorla-Amorós, Diego</subfield>
      <subfield code="e">author</subfield>
   </datafield>
   <datafield ind2=" " ind1=" " tag="720">
      <subfield code="a">Rodríguez-Mirasol, José</subfield>
      <subfield code="e">author</subfield>
   </datafield>
   <datafield ind2=" " ind1=" " tag="720">
      <subfield code="a">Cordero-Alcántara, Tomás</subfield>
      <subfield code="e">author</subfield>
   </datafield>
   <datafield ind2=" " ind1=" " tag="260">
      <subfield code="c">2017-04-03</subfield>
   </datafield>
   <datafield ind2=" " ind1=" " tag="520">
      <subfield code="a">Lignin fibers, with and without phosphorus, and loaded with platinum have been prepared in a single step by electrospinning of lignin/ethanol/phosphoric acid/platinum acetylacetonate precursor solutions. Thermochemical treatments have been carried out to obtain lignin-based carbon fiber electrocatalysts. The electrospun lignin fibers were thermostabilized in air and carbonized at 900 °C. The effect of phosphorus and platinum content on the porous texture, the surface chemistry and the oxidation/electro-oxidation resistance have been studied. Phosphorus-containing carbon fibers develop a higher surface area (c.a. 1200 m2 g−1), exhibit a lower Pt particle size (2.1 nm) and a better particle distribution than their counterpart without phosphorus (c.a. 750 m2 g−1 of surface area and 9.6 nm Pt particle size). It has been proved that phosphorus improves the oxidation and electro-oxidation resistance of the fibers, avoiding their oxidation during the preparation thermal stages and is responsible of the generation of a microporous material with an unusual wide operational potential window (1.9 V). An important Pt–P synergy has been observed in the oxygen transfer during the oxidation and electro-oxidation of the fibers. The obtained carbon fibers can act directly as electrodes without any binder or conductivity promoter. The fibers with platinum have shown outstanding catalyst performance in the electro-oxidation of methanol and ethanol.</subfield>
   </datafield>
   <datafield ind1="8" ind2=" " tag="024">
      <subfield code="a">García-Mateos, F. J., Cordero-Lanzac, T., Berenguer, R., Morallón, E., Cazorla-Amorós, D., Rodríguez-Mirasol, J., &amp; Cordero, T. (2017). Lignin-derived Pt supported carbon (submicron)fiber electrocatalysts for alcohol electro-oxidation. Applied Catalysis B: Environmental, 211, 18–30.</subfield>
   </datafield>
   <datafield ind1="8" ind2=" " tag="024">
      <subfield code="a">https://hdl.handle.net/10630/34064</subfield>
   </datafield>
   <datafield ind1="8" ind2=" " tag="024">
      <subfield code="a">10.1016/j.apcatb.2017.04.008</subfield>
   </datafield>
   <datafield tag="653" ind2=" " ind1=" ">
      <subfield code="a">Platino</subfield>
   </datafield>
   <datafield tag="653" ind2=" " ind1=" ">
      <subfield code="a">Acido fosfórico</subfield>
   </datafield>
   <datafield tag="653" ind2=" " ind1=" ">
      <subfield code="a">Lignina</subfield>
   </datafield>
   <datafield tag="653" ind2=" " ind1=" ">
      <subfield code="a">Electrodos de carbono</subfield>
   </datafield>
   <datafield ind2="0" ind1="0" tag="245">
      <subfield code="a">Lignin-derived Pt supported carbon (submicron)fiber electrocatalysts for alcohol electro-osidation.</subfield>
   </datafield>
</record>
</metadata></record></GetRecord></OAI-PMH>